Statistiques concernant Toutes les civilisations dans les jeux Civilization

Cliquez ici pour prendre le quiz!

Statistiques générales

  • Ce quiz a été pris 295 fois
    (237 depuis la dernière actualisation)
  • Le résultat moyen est 38 sur 68

Statistiques - réponses

RécurrenceRéponse% Correct
1/2/3/4/5/6France
97%
1/2/3/4/5/6Chine
94%
2/3/4/5/6Japon
94%
1/2/3/4/5/6Allemagne
92%
2/4/5/6Espagne
92%
1/2/3/4/5/6États-Unis
92%
1/2/3/4/5/6Russie
92%
1/2/3/4/5/6Inde
91%
1/2/3/4/5/6Angleterre
90%
1/2/3/4/5/6Grèce
88%
3/4/5/6Portugal
88%
1/2/3/4/5/6Rome
88%
1/2/3/4/5/6Égypte
85%
1/2/3/4/5/6Mongolie
83%
5/6Brésil
80%
4/5/6Incas
80%
1/2/3/4/5/6Aztèques
79%
5/6Suède
79%
6Australie
78%
4/5/6Mayas
77%
5/6Pologne
75%
3/4/5/6Corée
74%
6Canada
72%
6Norvège
72%
2/3/4/5/6Perses
72%
3/5Autriche
70%
3/4/5/6Ottomans
69%
5Danemark
68%
3/4/5/6Pays-Bas
66%
1/2/3/4/5/6Zoulous
66%
3/4/5/6Arabie
65%
4/5/6Éthiopie
60%
4/6Mali
60%
5/6Indonésie
59%
5Maroc
58%
6Congo
55%
6Hongrie
55%
2/3/4Vikings
54%
6Écosse
52%
6Vietnam
48%
6Macédoine
46%
4/6Khmers
45%
2/3/4/5Carthage
42%
3/4/5/6Byzance
41%
1/2/3/5/6Babylone
40%
5Huns
39%
5Venise
37%
2/3/4/5Celtes
34%
6Géorgie
32%
5Polynésie
32%
3/5Iroquois
29%
5Siam
28%
6Maoris
27%
6Gaule
26%
3/4/6Sumer
26%
5Assyrie
24%
6Nubie
24%
6Scythie
24%
2Sioux
24%
6Phénicie
23%
5Songhai
22%
6Grande Colombie
20%
4Saint-Empire romain germanique
19%
6Mapuches
18%
6Cris
16%
5Shoshones
16%
4Amérindiens
11%
3Hittites
5%

Distribution des résultats

Percentile par nombre de réponses

% des personnes avec chaque résultat

Votre développement - résultats

Vous n’avez pas pris ce quiz depuis la dernière actualisation